Responses for Show #8752 - Tuesday, November 29, 2022

Cris Pannullo game 17.

Contestants

[<< previous game]

Matt Harvey, a healthcare administrator from Providence, Rhode Island

Sheila Anderson, a philanthropic advisor from Seattle, Washington

Cris Pannullo, a customer success operations manager from Ocean City, New Jersey (whose 16-day cash winnings total $566,344)

[next game >>]

Jeopardy! Round responses

POLITICIANS BACK IN THE DAY
WE MAKE THAT VEHICLE
ANNUAL EVENTS
TV CARTOON VILLAINS
HOW TALL/LONG/HIGH?
"GIVE" OR "TAKE"
    $200 28
(Ken: The famously fun [*].)

(Mike) Pence

Cris
    $200 27
Chevy

Cris
    $200 30
hot dogs

Cris
    $200 19
SpongeBob SquarePants

Sheila
    $200 25
the train

Cris
    $200 24
give up the ghost

Matt
    $400 22
(Sheila: Who is Wilson?)

Harry Truman

Sheila
Triple Stumper
    $400 18
Ford

Cris
    $400 29
Sundance

Sheila
    $400 20
[Ken reads the clue with exaggerated Russian accent]
...
(Ken: Yes, I apologize for the terrible Boris impression.)

Boris & Natasha

Matt
    $400 17
Saudi Arabia

Cris
    $400 23
take liberties

Matt
    $600 16
Christie

Cris
    $600 26
(Cris: What is... Chevy?)
(Matt: What is Jeep?)

Nissan

CrisSheilaMatt
    $600 21
STEM

Cris
    $600 12
(Cris: Who is Optimus Prime?)
...
(Ken: Optimus Prime's archenemy.)

Megatron

CrisMatt
    $2,000 8
the demilitarized zone (the DMZ)

Matt
    $600 9
give them free rein

Matt
    $800 1
(Matt: Who is... uh, McCain?)

Bobby Kennedy

Matt
Triple Stumper
    $800 3
Toyota

Cris
    $800 5
a Ferris wheel

Matt
    $800 6
Hades

Sheila
    $800 13
a white oak

Triple Stumper
    $800 10
(Sheila: What is sacrifice?)

take one for the team

SheilaMatt
    $1000 2
(Cris: Who is Paul?)

(Paul) Ryan

CrisMatt
    $1000 4
Honda

Cris
    $1000 15
Human Rights

Sheila
    $1000 7
Cobra

Matt
    $1000 14
a cubit

Cris
    $1000 11
take the bull by the horns

Cris

Scores at the first commercial break (after clue 15):

Cris Sheila Matt
$2,200 $1,000 $6,000

Scores at the end of the Jeopardy! Round:

Cris Sheila Matt
$4,400 $1,800 $6,400

Double Jeopardy! Round responses

GERMAN CITIES
CAST UPON THE WATERS
NOBEL LITERATURE PRIZE WINNERS
HUFF & PUFF
MOLECULES
MORE THAN ONE SILENT LETTER
    $400 20
(Matt: What is Munich?)

Berlin

CrisMatt
    $400 30
(Ken: A great scene.)

a shark

Matt
    $400 29
Cain

Matt
    $400 22
Puff the Magic Dragon

Matt
    $400 27
covalent

Matt
    $400 28
knight

Sheila
    $800 1
the Rhine

Cris
    $800 26
Aquaman

Matt
    $12,400 19
the Acropolis

Cris
    $800 23
Yosemite National Park

Triple Stumper
    $800 18
(Matt: What is honey?)
...
(Ken: This is why you don't give your dog [*].)

chocolate

Matt
Triple Stumper
    $800 21
wreck

Cris
    $1200 4
Bavaria

Matt
    $1200 14
Katharine Hepburn

Cris
    $1200 17
Morrison

Cris
    $1200 3
(Ken: That's horrifying.)

an adder

Cris
    $1200 9
helium

Cris
    $1200 7
queue

Matt
    $1600 2
Bonn

Matt
    $1600 13
(Ken: That film, [*].)

The Bounty

Triple Stumper
    $1600 10
(Cris: Who is Wilde?)

George Bernard Shaw

Cris
Triple Stumper
    $1600 15
profiteroles

Matt
    $1600 5
isomers

Matt
    $1600 6
knowledge

Matt
    $2000 12
(Matt: Who is George?
(Ken: More specifically?)
(Matt: The III?)

George I

CrisMatt
    $2000 25
(Ken: Correct, with less than a minute to play.)

Melville

Sheila
    $2000 11
(Ken: He was Egyptian; it's [*].)

Cairo

Triple Stumper
    $2000 16
(Maria) Callas

Cris
    $2000 24
(Cris: What is dilation?)
(Ken: More specifically?)
(Cris: What is an aneurysm?)

vasodilation

CrisMatt
    $5,000 8
rheumatoid

Matt

Scores at the end of the Double Jeopardy! Round:

Cris Sheila Matt
$24,000 $4,200 $21,400

[wagering suggestions for these scores]

Final Jeopardy! Round responses

NAMES IN U.S. HISTORY
(Ken: [To Sheila] Yes, the case that later became the landmark Brown v. Board in front of the Supreme Court that desegregated public schools.)
SheilaWho is Brown?
$0
MattWho is James
$12,999
CrisWho is Brown
$20,000
Brown

Final scores:

Cris Sheila Matt
$44,000 $4,200 $8,401
17-day champion: $610,344 3rd place: $1,000 2nd place: $2,000

Game dynamics:

Coryat scores:

Cris Sheila Matt
$12,400 $4,200 $17,000
22 R
(including 1 DD),
5 W
7 R,
2 W
23 R
(including 2 DDs),
5 W

Combined Coryat: $33,600

[game clues] [game scores] [suggest correction]

Game tape date: 2022-10-11
The J! Archive is created by fans, for fans. Scraping, republication, monetization, and malicious use prohibited; this site may use cookies and collect identifying information. See terms. The Jeopardy! game show and all elements thereof, including but not limited to copyright and trademark thereto, are the property of Jeopardy Productions, Inc. and are protected under law. This website is not affiliated with, sponsored by, or operated by Jeopardy Productions, Inc. Join the discussion at JBoard.tv.